000
00268nam a22001217a 4500
008
181016b xxu||||| |||| 00| 0 eng d
041
_a
eng
080
_a
004
100
_a
30
101
_a
shk
245
_a
Introduction To Compueter
_c
Gear.C.W
942
_2
udc
_c
BK
999
_c
49941
_d
49941